logo

Bir Sreshtho Munshi Abdur Rouf Library
Jhenaidah Cadet College

Archaeological Survey Report Munshiganj District / (Record no. 7772)

MARC details
000 -LEADER
fixed length control field 00577nam a22002177a 4500
001 - CONTROL NUMBER
JCCL Control Number 7772
003 - CONTROL NUMBER IDENTIFIER
JCCL marc code BD-JhCC
005 - DATE AND TIME OF LATEST TRANSACTION
control field 20180222130445.0
008 - FIXED-LENGTH DATA ELEMENTS--GENERAL INFORMATION
fixed length control field 180213s2000 bg |||| |||| 000 0 eng d
035 ## - SYSTEM CONTROL NUMBER
system control number (BD-JhCC)
040 ## - CATALOGING SOURCE
Original cataloging agency BD-JhCC
Modifying agency BD-JhCC
041 ## - LANGUAGE CODE
Language code of Book eng
082 ## - DEWEY DECIMAL CLASSIFICATION NUMBER
Classification number 913
Author mark and Year MUS 2000
100 ## - MAIN ENTRY--PERSONAL NAME
Personal name Musa, Md. Abu
245 ## - TITLE STATEMENT
Title Archaeological Survey Report Munshiganj District /
Statement of responsibility, etc Md. Abu Musa
260 ## - PUBLICATION, DISTRIBUTION, ETC. (IMPRINT)
Place of publication, distribution, etc Dhaka:
Name of publisher, distributor, etc Bangladesh Govt. Press,
Date of publication, distribution, etc 2000
300 ## - PHYSICAL DESCRIPTION
Pagination 91 p;,
Dimensions 24 cm
650 ## - SUBJECT ADDED ENTRY--TOPICAL TERM
Topical term or geographic name as entry element History, Munshigonj
Geographic subdivision Bangladesh
650 ## - SUBJECT ADDED ENTRY--TOPICAL TERM
Topical term or geographic name as entry element Archaeology
942 ## - ADDED ENTRY ELEMENTS (KOHA)
Source of classification or shelving scheme Dewey Decimal Classification
Koha item type Books
Holdings
Source of classification or shelving scheme Damaged status Not for loan Home library Current library Shelving location Date of accession Total Checkouts Full call number Barcode Date last seen Copy number Koha item type
Dewey Decimal Classification     JCC Rouf Library JCC Rouf Library General Stacks 02/13/2018   913 MUS 2000 9985 02/13/2018 C-1 Books

JCC Library | Contacts | JCC Home

Last Update on 23 September 2017
Copyright @ 2017-2020 JCC Rouf Library
Rouf Library, Jhenidah Cadet College (JCC), Bangladesh